Cronología patagónica : proyectemos el futuro reconociendo nuestro pasado /
Guardado en:
| Autor Principal: | |
|---|---|
| Formato: | Libro |
| Publicado: |
Comodoro Rivadavia :
Publicaciones Cananor,
1993
|
| Materias: | |
| Etiquetas: |
Agregar Etiqueta
Sin Etiquetas, Sea el primero en etiquetar este registro!
|
| LEADER | 00628nam a22001935a 4500 | ||
|---|---|---|---|
| 001 | CEM.cems010219 | ||
| 005 | 20080602124125.0 | ||
| 008 | 130507s1993##################000#0#####d | ||
| 003 | CEMS | ||
| 082 | 0 | 4 | |a 982.7 |
| 100 | 1 | |a Cananor, Rodolfo | |
| 245 | 1 | 0 | |a Cronología patagónica : |b proyectemos el futuro reconociendo nuestro pasado / |c Rodolfo Cananor |
| 260 | |a Comodoro Rivadavia : |b Publicaciones Cananor, |c 1993 | ||
| 300 | |a 314 p. | ||
| 505 | 0 | |a Alcance temporal: 1451-1984.- | |
| 653 | |a Patagonia | ||
| 653 | |a Patagonia-cronología | ||
| 653 | |a Patagonia-historia | ||
| 859 | |a CEMS |b BIB. CEMS - 11 de abril |h 982.7 |i C16 |p 20656.99 |t Ej.1 | ||
